000 00307nam a2200109 4500
999 _c13588
_d13588
008 190328b ||||| |||| 00| 0 eng d
245 _aThe Phl economy by year's close.
260 _aPhilippines
_bThe Philippine Star
_cc2018
300 _apage B5.
650 0 _937896
_aEconomic conditions.
942 _2ddc
_cPER